|
|
|
|
| LEADER |
00911nam a2200241 a 4500 |
| 001 |
GR-MES5362 |
| 008 |
991111s1992 gr b 001 b eng d |
| 020 |
|
|
|a 0521364760
|
| 040 |
|
|
|a GrPaTEI
|b gre
|c GR-PaULI
|
| 245 |
0 |
4 |
|a The economics of earnings.
|
| 260 |
|
|
|a Cambridge :
|b Cambridge University,
|c 1992
|
| 300 |
|
|
|a xv,367σ.
|
| 504 |
|
|
|a Περιλαμβάνει βιβλιογραφικές παραπομπές και ευρετήριο.
|
| 650 |
|
4 |
|a Αγορά
|
| 650 |
|
4 |
|a ΗΜΕΡΟΜΙΣΘΙΑ
|
| 650 |
|
4 |
|a Οικονομία
|
| 700 |
1 |
|
|a Polachek, S.
|
| 700 |
1 |
|
|a Siebert, W.
|
| 710 |
2 |
|
|a University of Cambridge.
|
| 942 |
|
|
|2 ddc
|
| 952 |
|
|
|0 0
|1 0
|2 ddc
|4 0
|6 331_210000000000000_POL
|7 0
|9 275938
|a MSLG
|b MSLG
|c BSC
|d 2021-01-17
|e 24
|f 0
|g 0.00
|l 0
|o 331.21 POL
|p 2420000015813
|r 2021-01-17 00:00:00
|t 1
|w 2021-01-17
|y BK15
|x 19991111 0 1
|x GrPaTEI
|
| 971 |
|
|
|a .b25838295
|b 16-04-20
|c 14-09-16
|
| 999 |
|
|
|c 159975
|d 159975
|